[Event "Winnipeg Woodbury Memorial"]
[Site "Winnipeg"]
[Date "2019.11.05"]
[Round "1.10"]
[White "Trueman, Francis"]
[Black "Einarsson, Ken"]
[Result "0-1"]
[WhiteElo "1452"]
[BlackElo "1800"]
[PlyCount "66"]
[EventDate "2019.11.05"]
[EventType "swiss"]
[EventRounds "6"]
[EventCountry "CAN"]
[SourceTitle "EXT 2023"]
[Source "ChessBase"]
[SourceDate "2022.10.05"]
[SourceVersion "1"]
[SourceVersionDate "2022.10.05"]
[SourceQuality "1"]

1. e4 c6 2. d3 d5 3. Nd2 dxe4 4. dxe4 e5 5. Ngf3 Nd7 6. g3 Ngf6 7. Bg2 Bd6 8. 0-0 0-0 9. Re1 Re8 10. a4 Nc5 11. Nh4 Bg4 12. Bf3 Bxf3 13. Qxf3 Bc7 14. Qe2 Ba5 15. Rd1 Qc8 16. Qc4 Bxd2 17. Qxc5 Bxc1 18. Raxc1 Nxe4 19. Qc4 Nf6 20. Re1 e4 21. Rcd1 Qh3 22. Qf1 Qxf1+ 23. Kxf1 Rad8 24. Nf5 Rxd1 25. Rxd1 g6 26. Ne3 Re5 27. c4 Kf8 28. Rd8+ Re8 29. Rd2 Ke7 30. g4 Rd8 31. Re2 Rd4 32. g5 Nh5 33. f4 Nxf4 0-1

[Event "Winnipeg TNT March op"]
[Site "Winnipeg"]
[Date "2019.03.12"]
[Round "2.4"]
[White "Orogun, Ibukun"]
[Black "Trueman, Francis"]
[Result "1-0"]
[WhiteElo "1839"]
[BlackElo "1427"]
[PlyCount "53"]
[EventDate "2019.03.05"]
[EventType "swiss"]
[EventRounds "4"]
[EventCountry "CAN"]
[SourceTitle "EXT 2022"]
[Source "ChessBase"]
[SourceDate "2021.10.06"]
[SourceVersion "1"]
[SourceVersionDate "2021.10.06"]
[SourceQuality "1"]

1. e4 d6 2. d4 Nf6 3. Bd3 g6 4. Be3 Bg7 5. f3 0-0 6. Nc3 a5 7. Qd2 Nc6 8. a3 e5 9. d5 Na7 10. Nge2 Bd7 11. Ng3 c6 12. Qf2 Qb8 13. Na4 cxd5 14. Nb6 dxe4 15. Nxe4 Nxe4 16. Bxe4 Bc6 17. Nxa8 d5 18. Bxa7 Qxa8 19. Bd3 e4 20. Be2 exf3 21. Bxf3 Re8+ 22. Kf1 Bb5+ 23. Kg1 Bxb2 24. Rb1 Bc3 25. Bxd5 Kh8 26. Bd4+ Bxd4 27. Qxd4+ 1-0

[Event "Winnipeg TNT January op"]
[Site "Winnipeg"]
[Date "2019.01.15"]
[Round "2.7"]
[White "Trueman, Francis"]
[Black "Goodman, Clifford"]
[Result "1/2-1/2"]
[WhiteElo "1354"]
[BlackElo "1642"]
[PlyCount "33"]
[EventDate "2019.01.08"]
[EventType "swiss"]
[EventRounds "4"]
[EventCountry "CAN"]
[SourceTitle "EXT 2022"]
[Source "ChessBase"]
[SourceDate "2021.10.06"]
[SourceVersion "1"]
[SourceVersionDate "2021.10.06"]
[SourceQuality "1"]

1. d3 c5 2. Nf3 d5 3. Nbd2 g6 4. g3 Bg7 5. Bg2 Nf6 6. 0-0 0-0 7. Re1 Nc6 8. e4 dxe4 9. dxe4 e5 10. Qe2 Bg4 11. c3 Qe7 12. h4 h5 13. Nf1 Rfd8 14. N1h2 Rd6 15. Bg5 Rad8 16. Nxg4 hxg4 17. Nh2 1/2-1/2

[Event "Winnipeg op"]
[Site "Winnipeg"]
[Date "2018.07.24"]
[Round "8"]
[White "Trueman, Francis"]
[Black "Letain, Cory"]
[Result "0-1"]
[WhiteElo "1410"]
[BlackElo "1733"]
[PlyCount "80"]
[EventDate "2018.06.05"]
[EventType "swiss"]
[EventRounds "8"]
[EventCountry "CAN"]
[SourceTitle "EXT 2022"]
[Source "ChessBase"]
[SourceDate "2021.10.06"]
[SourceVersion "1"]
[SourceVersionDate "2021.10.06"]
[SourceQuality "1"]

1. Nf3 Nf6 2. d3 g6 3. Nbd2 Bg7 4. g3 0-0 5. Bg2 d6 6. 0-0 Nbd7 7. Re1 c6 8. e4 e5 9. a4 a5 10. Qe2 Re8 11. Nf1 Qc7 12. h4 Nf8 13. N1h2 Ng4 14. Nd2 Nxh2 15. Kxh2 f5 16. Bf3 Ne6 17. c3 f4 18. g4 Qd7 19. Rg1 Bf6 20. g5 Bg7 21. Bg4 Qf7 22. Nc4 Bf8 23. Nb6 Ra6 24. Nxc8 Rxc8 25. Bd2 Re8 26. Rg2 Nc5 27. Rag1 Nxa4 28. h5 Nxb2 29. hxg6 hxg6 30. Kh1 Be7 31. Qf3 Kg7 32. Qh3 Rh8 33. Qh6+ Rxh6+ 34. gxh6+ Kh7 35. Bf5 Qf6 36. Bxg6+ Kh8 37. Rh2 a4 38. h7 Ra8 39. Be8 Rxe8 40. Rg8+ Rxg8 0-1

[Event "Winnipeg op"]
[Site "Winnipeg"]
[Date "2018.06.26"]
[Round "4"]
[White "Trueman, Francis"]
[Black "Einarsson, Ken"]
[Result "0-1"]
[WhiteElo "1410"]
[BlackElo "1849"]
[PlyCount "48"]
[EventDate "2018.06.05"]
[EventType "swiss"]
[EventRounds "8"]
[EventCountry "CAN"]
[SourceTitle "EXT 2022"]
[Source "ChessBase"]
[SourceDate "2021.10.06"]
[SourceVersion "1"]
[SourceVersionDate "2021.10.06"]
[SourceQuality "1"]

1. e4 c6 2. Nf3 d5 3. exd5 cxd5 4. d3 Nf6 5. Nbd2 Nc6 6. g3 e5 7. Bg2 Bg4 8. Qe2 Bd6 9. c3 0-0 10. 0-0 Re8 11. h3 Bh5 12. g4 Bg6 13. Nb3 e4 14. dxe4 Bxe4 15. Be3 b6 16. Kh1 Ne5 17. Nbd2 Bd3 18. Qd1 Bxf1 19. Nxf1 Rc8 20. Nd4 Bc5 21. g5 Ne4 22. f4 Nc4 23. Qe2 Nxe3 24. Bxe4 Nxf1 0-1

[Event "Winnipeg op"]
[Site "Winnipeg"]
[Date "2018.06.12"]
[Round "2"]
[White "Trueman, Francis"]
[Black "Mandusic, Ante"]
[Result "1-0"]
[WhiteElo "1410"]
[BlackElo "1201"]
[PlyCount "77"]
[EventDate "2018.06.05"]
[EventType "swiss"]
[EventRounds "8"]
[EventCountry "CAN"]
[SourceTitle "EXT 2022"]
[Source "ChessBase"]
[SourceDate "2021.10.06"]
[SourceVersion "1"]
[SourceVersionDate "2021.10.06"]
[SourceQuality "1"]

1. e4 e5 2. Nf3 Nc6 3. g3 d6 4. d3 Nf6 5. Nbd2 Be7 6. Bg2 0-0 7. 0-0 Be6 8. Re1 Qd7 9. Nf1 a5 10. a4 Bg4 11. Ne3 Bxf3 12. Bxf3 Nd4 13. Bg2 Qc6 14. c3 Ne6 15. h4 Qd7 16. h5 h6 17. Bh3 c6 18. Nf5 Bd8 19. d4 Qe8 20. Nxd6 Qe7 21. Nf5 Qc7 22. Be3 Nxe4 23. Nxh6+ gxh6 24. Bxh6 Ng7 25. Rxe4 Bf6 26. Qg4 Rfe8 27. Bxg7 Bxg7 28. h6 Kf8 29. hxg7+ Ke7 30. Rxe5+ Kd6 31. Qf4 Re7 32. Rxe7+ Kd5 33. Qxc7 Kc4 34. Qxb7 Rd8 35. Qxc6+ Kb3 36. Rb7+ Kc2 37. Bf5+ Kd2 38. Qf3 Rxd4 39. Qd1# 1-0

[Event "Winnipeg TNT May op"]
[Site "Winnipeg"]
[Date "2018.05.22"]
[Round "4"]
[White "Trueman, Francis"]
[Black "Chen, Jehoshua"]
[Result "1-0"]
[WhiteElo "1414"]
[BlackElo "1513"]
[PlyCount "102"]
[EventDate "2018.05.01"]
[EventType "swiss"]
[EventRounds "5"]
[EventCountry "CAN"]
[SourceTitle "EXT 2022"]
[Source "ChessBase"]
[SourceDate "2021.10.06"]
[SourceVersion "1"]
[SourceVersionDate "2021.10.06"]
[SourceQuality "1"]

1. e4 e5 2. Nf3 Nc6 3. d3 Nf6 4. g3 Bc5 5. Bg2 d5 6. Nbd2 Ng4 7. 0-0 dxe4 8. dxe4 f5 9. Qe2 0-0 10. Qc4+ Rf7 11. Qxc5 fxe4 12. Nxe4 Nd4 13. Nxd4 Qxd4 14. Qxd4 exd4 15. Ng5 Re7 16. Bd5+ Kh8 17. Nf7+ Kg8 18. Nd6+ Be6 19. Bxe6+ Rxe6 20. Nxb7 Rf8 21. Nc5 Re2 22. Bf4 Rxc2 23. Ne6 Rf7 24. Rac1 d3 25. Rxc2 dxc2 26. Nd4 Re7 27. Nxc2 Re2 28. Ne3 Nf6 29. Bxc7 Rxb2 30. a4 Ne4 31. Ba5 Ra2 32. Nd5 Rxa4 33. Nc3 Rxa5 34. Nxe4 Ra3 35. Rd1 a5 36. Rd8+ Kf7 37. Ra8 Ra1+ 38. Kg2 Ke6 39. Nc5+ Kd5 40. Nb3 Ra3 41. Rxa5+ Rxa5 42. Nxa5 Ke4 43. Nc4 Kf5 44. Ne3+ Kf6 45. f4 h6 46. f5 Kg5 47. h4+ Kf6 48. Kh3 h5 49. g4 g6 50. Nd5+ Kg7 51. f6+ Kf7 1-0

[Event "Winnipeg TNT January op"]
[Site "Winnipeg"]
[Date "2018.01.30"]
[Round "4.5"]
[White "Letain, Cory"]
[Black "Trueman, Francis"]
[Result "1-0"]
[WhiteElo "1686"]
[BlackElo "1498"]
[PlyCount "93"]
[EventDate "2018.01.09"]
[EventType "swiss"]
[EventRounds "4"]
[EventCountry "CAN"]
[SourceTitle "EXT 2022"]
[Source "ChessBase"]
[SourceDate "2021.10.06"]
[SourceVersion "1"]
[SourceVersionDate "2021.10.06"]
[SourceQuality "1"]

1. d4 d6 2. c4 Nd7 3. Nc3 e5 4. e4 Ngf6 5. Be2 g6 6. g4 exd4 7. Qxd4 Ne5 8. g5 Nc6 9. Qxf6 Qxf6 10. gxf6 Nd4 11. Kd2 Be6 12. Kd3 Nc6 13. Nd5 Kd7 14. f4 Re8 15. Nf3 Nd8 16. e5 c6 17. Nc3 Bf5+ 18. Kd2 Bh6 19. Kd1 Kc8 20. Re1 Ne6 21. exd6 Nxf4 22. Bxf4 Bxf4 23. a4 Bxd6 24. a5 Bf4 25. a6 Rd8+ 26. Nd5 b6 27. Ra4 cxd5 28. c5 d4 29. cxb6 axb6 30. a7 Kb7 31. Nh4 Bd7 32. Bf3+ Kc7 33. a8Q Rxa8 34. Rxa8 Rxa8 35. Bxa8 Ba4+ 36. Ke2 Bg5 37. Nf3 Bxf6 38. Rc1+ Kd6 39. Be4 Bb5+ 40. Bd3 Bc6 41. b4 g5 42. b5 Bd5 43. Bxh7 g4 44. Nd2 Ke5 45. Nc4+ Kf4 46. Rf1+ Kg5 47. Rf5+ 1-0

[Event "Winnipeg TNT March op"]
[Site "Winnipeg"]
[Date "2017.03.14"]
[Round "2.4"]
[White "Trueman, Francis"]
[Black "Reimer, Bruce"]
[Result "1-0"]
[WhiteElo "1434"]
[BlackElo "1665"]
[PlyCount "109"]
[EventDate "2017.03.07"]
[EventType "swiss"]
[EventRounds "4"]
[EventCountry "CAN"]
[SourceTitle "EXT 2022"]
[Source "ChessBase"]
[SourceDate "2021.10.06"]
[SourceVersion "1"]
[SourceVersionDate "2021.10.06"]
[SourceQuality "1"]

1. Nf3 g6 2. d3 Bg7 3. Nbd2 d6 4. g3 a6 5. Bg2 Nc6 6. 0-0 Bd7 7. Re1 Qc8 8. c3 Bh3 9. Qb3 Bxg2 10. Kxg2 e6 11. e4 Nge7 12. a4 0-0 13. Nf1 Na5 14. Qc2 c5 15. Ne3 c4 16. dxc4 Nxc4 17. Nxc4 Qxc4 18. Bf4 Rfd8 19. Rad1 d5 20. Nd2 Qc6 21. Nf3 d4 22. Ne5 Qc5 23. Nd3 Qc8 24. Bg5 f6 25. Bd2 b5 26. Rc1 Qd7 27. Nc5 d3 28. Qb3 bxa4 29. Qxe6+ Qxe6 30. Nxe6 Rd6 31. Nxg7 Kxg7 32. Ra1 Rb6 33. Reb1 Rab8 34. Ra2 Nc6 35. Kf3 Ne5+ 36. Ke3 a3 37. Bc1 axb2 38. Bd2 Kh6 39. f4 Ng4+ 40. Kxd3 Nxh2 41. Kc2 Nf1 42. Raxb2 Rxb2+ 43. Rxb2 Rxb2+ 44. Kxb2 Nxd2 45. e5 fxe5 46. fxe5 Kg7 47. Kc2 Ne4 48. Kd3 Nxg3 49. Kd4 Nf5+ 50. Kc5 a5 51. Kb5 Kf7 52. c4 Nd4+ 53. Kxa5 h5 54. c5 h4 55. Kb4 1-0

[Event "Winnipeg TNT January op"]
[Site "Winnipeg"]
[Date "2017.01.24"]
[Round "3.4"]
[White "Einarsson, Ken"]
[Black "Trueman, Francis"]
[Result "1/2-1/2"]
[WhiteElo "1747"]
[BlackElo "1434"]
[PlyCount "59"]
[EventDate "2017.01.10"]
[EventType "swiss"]
[EventRounds "4"]
[EventCountry "CAN"]
[SourceTitle "EXT 2022"]
[Source "ChessBase"]
[SourceDate "2021.10.06"]
[SourceVersion "1"]
[SourceVersionDate "2021.10.06"]
[SourceQuality "1"]

1. d4 Nf6 2. c4 d6 3. Nc3 Nbd7 4. e4 e5 5. d5 a5 6. Nf3 g6 7. Be2 Bg7 8. 0-0 Nc5 9. Qc2 0-0 10. Be3 Re8 11. h3 h5 12. a3 a4 13. Bxc5 dxc5 14. Nxa4 Bd7 15. Nxc5 Bc8 16. Bd3 Nh7 17. Rad1 g5 18. Nh2 g4 19. hxg4 hxg4 20. Be2 Qg5 21. Qd2 Qh4 22. Qe3 Bh6 23. Qg3 Qxg3 24. fxg3 Be3+ 25. Kh1 Bxc5 26. Nxg4 Kg7 27. Nh2 Nf6 28. Bf3 Rh8 29. Rd3 Bg4 30. b4 1/2-1/2

[Event "Winnipeg Campbell Memorial"]
[Site "Winnipeg"]
[Date "2016.11.22"]
[Round "4"]
[White "Magyar, Peter"]
[Black "Trueman, Francis"]
[Result "0-1"]
[WhiteElo "1598"]
[BlackElo "1429"]
[PlyCount "78"]
[EventDate "2016.11.01"]
[EventType "swiss"]
[EventRounds "7"]
[EventCountry "CAN"]
[SourceTitle "EXT 2022"]
[Source "ChessBase"]
[SourceDate "2021.10.06"]
[SourceVersion "1"]
[SourceVersionDate "2021.10.06"]
[SourceQuality "1"]

1. d4 Nf6 2. Bf4 d6 3. Nf3 g6 4. h3 Bg7 5. e3 0-0 6. Nbd2 Nbd7 7. c3 Re8 8. Be2 e5 9. dxe5 dxe5 10. Bh2 a5 11. 0-0 Qe7 12. e4 Nc5 13. Nxe5 Nfxe4 14. Nef3 Rd8 15. Qe1 Bh6 16. Rd1 Bf5 17. Nxe4 Nxe4 18. Bc4 Rxd1 19. Qxd1 Rd8 20. Qe2 Re8 21. Ne5 Nd6 22. Bb3 a4 23. Bxa4 f6 24. Bxe8 Qxe8 25. Qd1 fxe5 26. Qd5+ Be6 27. Qf3 Bf5 28. Qd5+ Be6 29. Qc5 Qf7 30. Bxe5 Ne4 31. Qd4 Bd5 32. c4 c5 33. Qd3 Bc6 34. b3 Qe6 35. Ba1 Qf7 36. Qd8+ Be8 37. Re1 Qxf2+ 38. Kh1 Qxe1+ 39. Kh2 Bf4+ 0-1

[Event "Winnipeg November Weekender"]
[Site "Winnipeg"]
[Date "2016.11.19"]
[Round "1"]
[White "Trueman, Francis"]
[Black "Piche, Jeremie"]
[Result "1/2-1/2"]
[WhiteElo "1429"]
[BlackElo "1627"]
[PlyCount "56"]
[EventDate "2016.11.19"]
[EventType "swiss"]
[EventRounds "4"]
[EventCountry "CAN"]
[SourceTitle "EXT 2022"]
[Source "ChessBase"]
[SourceDate "2021.10.06"]
[SourceVersion "1"]
[SourceVersionDate "2021.10.06"]
[SourceQuality "1"]

1. Nf3 d5 2. d3 Nf6 3. Nbd2 Nc6 4. g3 e5 5. e4 d4 6. Bg2 Bd6 7. a4 h6 8. Nc4 Bg4 9. 0-0 Qd7 10. Qe2 0-0-0 11. Bd2 h5 12. h4 Nh7 13. Rfb1 f6 14. Qe1 Rdg8 15. b4 g5 16. b5 Nd8 17. b6 cxb6 18. Rxb6 Bc7 19. Rb5 Bxf3 20. Bxf3 gxh4 21. Rd5 Qh3 22. Bg2 Qg4 23. Kh2 Kb8 24. Bh3 hxg3+ 25. fxg3 Qf3 26. Bg2 Qg4 27. Bh3 Qf3 28. Bg2 Qg4 1/2-1/2

[Event "Winnipeg Campbell Memorial"]
[Site "Winnipeg"]
[Date "2016.11.15"]
[Round "3"]
[White "Trueman, Francis"]
[Black "Mandusic, Ante"]
[Result "1-0"]
[WhiteElo "1429"]
[BlackElo "1233"]
[PlyCount "109"]
[EventDate "2016.11.01"]
[EventType "swiss"]
[EventRounds "7"]
[EventCountry "CAN"]
[SourceTitle "EXT 2022"]
[Source "ChessBase"]
[SourceDate "2021.10.06"]
[SourceVersion "1"]
[SourceVersionDate "2021.10.06"]
[SourceQuality "1"]

1. Nf3 d6 2. d3 e5 3. Nbd2 g6 4. g3 Bg7 5. Bg2 Be6 6. 0-0 Nf6 7. Re1 0-0 8. e4 c5 9. Nf1 Nc6 10. c3 b5 11. h4 a5 12. Bd2 Rb8 13. Ne3 b4 14. Nh2 bxc3 15. bxc3 Rb2 16. Nd5 Qd7 17. Bg5 Ng4 18. Nxg4 Bxg4 19. f3 Bh3 20. Re2 Rxe2 21. Qxe2 Bxg2 22. Qxg2 Qa7 23. Qd2 f6 24. Be3 Qd7 25. Kg2 f5 26. exf5 Rxf5 27. Rf1 Rh5 28. Bg5 Rxg5 29. hxg5 Qe6 30. Ne3 d5 31. Rb1 d4 32. Ng4 Bf8 33. Nf6+ Kh8 34. Rb7 Bg7 35. Ne4 Nd8 36. Rb5 Bf8 37. c4 Qc8 38. Rxa5 Ne6 39. Rb5 Bd6 40. Nxd6 Qa6 41. Nf7+ Kg7 42. Nh6 Nc7 43. Rb8 Qe6 44. Rg8+ Qxg8 45. Nxg8 Kxg8 46. a4 Na6 47. a5 Kf7 48. Qe2 Ke6 49. Qe4 Nb4 50. f4 Na6 51. Qc6+ Kf5 52. Qxa6 Kg4 53. Qc8+ Kh5 54. a6 e4 55. Qh3# 1-0

[Event "Winnipeg Campbell Memorial"]
[Site "Winnipeg"]
[Date "2016.11.01"]
[Round "1"]
[White "Trueman, Francis"]
[Black "Letain, Cory"]
[Result "0-1"]
[WhiteElo "1429"]
[BlackElo "1731"]
[PlyCount "38"]
[EventDate "2016.11.01"]
[EventType "swiss"]
[EventRounds "7"]
[EventCountry "CAN"]
[SourceTitle "EXT 2022"]
[Source "ChessBase"]
[SourceDate "2021.10.06"]
[SourceVersion "1"]
[SourceVersionDate "2021.10.06"]
[SourceQuality "1"]

1. e4 e5 2. d3 Nc6 3. Nd2 Nf6 4. Ngf3 Bc5 5. h3 d5 6. g3 h6 7. Bg2 0-0 8. 0-0 Be6 9. Re1 Re8 10. c3 Qd7 11. Kh2 Bxf2 12. Re2 Bb6 13. Nf1 dxe4 14. Nxe5 Nxe5 15. Nd2 Nf3+ 16. Kh1 Bxh3 17. dxe4 Bxg2+ 18. Kxg2 Ng1 19. Re1 Qh3# 0-1